00385nam a2200121Ia 4500008004100000082002000041100002300061245003100084260003900115300001000154630001800164650008100182211109s9999||||xx |||||||||||||| ||und|| a894.8123bNAR-S aNarayanapilla, P K 0aSITHANKAN Thullal Kathakal bNATIONAL BOOKSTALLaKottayamc1900 a550p. xGeneral Stack amalayalam literaturevmalayalam fictionmalayalam storiesmalayalamxGeneralia